Πλημμυρίδα και άμπωτη : ο Ευρωπαϊκός αιώνας
Αποθηκεύτηκε σε:
| Κύριος συγγραφέας: | |
|---|---|
| Μορφή: | Βιβλίο |
| Γλώσσα: | Greek |
| Δημοσίευση: |
Αθήνα :
Βιβλιόραμα,
2012
|
| Θέματα: | |
| Ετικέτες: |
Προσθήκη ετικέτας
Δεν υπάρχουν, Καταχωρήστε ετικέτα πρώτοι!
|
MARC
| LEADER | 00000nam a2200000 i 4500 | ||
|---|---|---|---|
| 001 | 1/57882 | ||
| 008 | 141013s2012 gre d | ||
| 020 | |a 978-960-9548-11-3 | ||
| 035 | |l 10119428 | ||
| 040 | |a GR-MY-UA |b gre |e aacr | ||
| 041 | 0 | |a gre | |
| 082 | 0 | |a 940.55 |2 (23) | |
| 100 | 1 | |a Μαργαρίτης, Γιώργος, |d 1954- | |
| 245 | 1 | 0 | |a Πλημμυρίδα και άμπωτη : |b ο Ευρωπαϊκός αιώνας / |c Γιώργος Μαργαρίτης |
| 260 | |a Αθήνα : |b Βιβλιόραμα, |c 2012 | ||
| 300 | |a 511 σ.; |c 24 εκ. | ||
| 504 | |a Περιλαμβάνει βιβλιογραφία | ||
| 651 | 0 | |a Europe |x History |y 20th century. | |
| 852 | |a INST |b LESVOS |c EUDOXUS |e 20141013 |h 940.55 ΜΑΡ |p 005100055859 |q 005100055859 |t EDX |y 0 | ||
| 901 | |a BIBL1-2014-3 | ||
| 909 | |a Λ |b 190922 | ||
| 920 | |a ΕΥΔΟΞΟΣ |b ΠΑΡΑΓΓΕΛΙΑ |y ΛΕΣΒΟΣ-ΤΚΑΙ |z 2014-04 | ||
| 970 | |a ΤΖΑΦΕΡΗ |b ΕΥΑΓΓΕΛΙΑ |z 2014/10/13 | ||